FIFA Wereldbeker 2022 teams - Statistieken

Algemene statistieken
  • Deze quiz is 340 keer genomen
  • De gemiddelde score is 25 van 32
Antwoordstatistieken
Group Team % Correct
Group A Nederland
95%
Group C Argentinië
94%
Group D Frankrijk
94%
Group E Spanje
94%
Group E Duitsland
91%
Group H Portugal
91%
Group F België
89%
Group B Verenigde Staten
89%
Group G Brazilië
88%
Group B Engeland
88%
Group A Qatar
88%
Group F Marokko
86%
Group E Japan
83%
Group F Kroatië
82%
Group A Senegal
81%
Group F Canada
78%
Group C Mexico
77%
Group C Polen
77%
Group H Zuid-Korea
75%
Group C Saoedi-Arabië
71%
Group H Uruguay
71%
Group A Ecuador
70%
Group D Australië
69%
Group D Denemarken
69%
Group G Zwitserland
66%
Group B Wales
63%
Group H Ghana
59%
Group B Iran
59%
Group E Costa Rica
56%
Group G Servië
56%
Group G Kameroen
54%
Group D Tunesië
45%
Geen overeenkomende quizzen gevonden
Scoreverdeling
Procent van Mensen met Elke Score
Percentiel versus Aantal Correcte Antwoorden
Uw Scoregeschiedenis
U heeft deze quiz nog niet genomen